000 00920naa a22002777a 4500
001 BR8805129
003 BR-BrBNA
005 20240918180302.0
007 ta
008 230509b bl.||||| |||| 00| 0 por d
040 _aBR-BrBNA
_bpor
_cBiblioteca Nacional de Agricultura
041 _a(Pt)
072 _aL10
_b5212
090 _aL10 BR8805129
100 1 _aPinheiro, L.E.L.
245 1 _aCariotipagem em reprodutores bovinos [melhoramento animal]
260 3 _aPirassununga, SP (Brasil):
_c1978.
500 _a3. Semana de Zootecnia - melhoramento animal Pirassununga, SP (Brasil): 1978. p. 22-29 (BR8805129-AM)L10
650 _aBOVINO
650 _aREPRODUTOR
650 _aCARIOTIPO
650 _aCITOGENETICA ANIMAL
773 0 _t3. Semana de Zootecnia - melhoramento animal
_wL10 BR8805129
_gPirassununga, SP (Brasil), 1978. p. 22-29
909 _a202404
_bLucia
_c55
_dLucia Elande
942 _cAM
_2AGRIS
999 _c319590
_d319590